All Nfl Players 24/25 - Statistics

General Stats
  • This quiz has been taken 624 times
  • The average score is 683 of 2613
Answer Stats
Position Name % Correct
Geno Smith
87%
DeVonta Smith
86%
Ainias Smith
85%
Amon-Ra St. Brown
85%
Braden Smith
85%
Brandon Smith
85%
Cam Smith
85%
Chris Smith
85%
Chris Smith II
85%
D'Ante Smith
85%
Elerson G. Smith
85%
S Harrison Smith
85%
Irv Smith
85%
TE Jonnu Smith
85%
JuJu Smith-Schuster
85%
Keidron Smith
85%
Kion Smith
85%
Lecitus Smith
85%
Maason Smith
85%
Mazi Smith
85%
Nolan Smith
85%
Preston Smith
85%
Roquan Smith
85%
Terell Smith
85%
T.J. Smith
85%
Tremon Smith
85%
Tre'Quan Smith
85%
Trey Smith
85%
Tykee Smith
85%
Tyler Smith
85%
Tyreke Smith
85%
Tyron Smith
85%
Xavier Smith
85%
Za'Darius Smith
85%
Ahmarean Brown
84%
WR A.J. Brown
84%
CB Alex Johnson
84%
Anthony Brown
84%
Anthony Johnson Jr.
84%
Antonio Johnson
84%
Austin Johnson
84%
C Ben Brown
84%
DT Bobby Brown III
84%
Brandon Johnson
84%
RB Brittain Brown
84%
Buddy Johnson
84%
Caleb Johnson
84%
Cameron Brown
84%
Cedric Johnson
84%
Chase Brown
84%
C.J. Gardner-Johnson
84%
Collin Johnson
84%
Cornelius Johnson
84%
D'Ernest Johnson
84%
Derrick Brown
84%
DE Desjuan Johnson
84%
Dillon Johnson
84%
Diontae Johnson
84%
DJ Johnson
84%
Durrell Johnson
84%
Dyami Brown
84%
Dyontae Johnson
84%
Emany Johnson
84%
Equanimeous St. Brown
84%
Eric Johnson
84%
DE Ernest Brown IV
84%
C Evan Brown
84%
Fred Johnson
84%
Isaiah Johnson
84%
Jackson Powers-Johnson
84%
Jakob Johnson
84%
Jaylen Johnson
84%
Jaylon Johnson
84%
LB Jermaine Johnson II
84%
S Ji'Ayir Brown
84%
John Johnson
84%
Johnny Johnson III
84%
Josh Johnson
84%
Juwan Johnson
84%
Kameron Johnson
84%
Kyron Johnson
84%
QB Lamar Jackson
84%
Lane Johnson
84%
Lonnie Johnson
84%
Marcellus Johnson
84%
WR Marquise Brown
84%
CB Mike Brown
84%
Montaric Brown
84%
Nazeeh Johnson
84%
Noah Brown
84%
Omar Brown
84%
OT Orlando Brown
84%
Paris Johnson Jr.
84%
Patrick Johnson
84%
Pharaoh Brown
84%
CB Quindell Johnson
84%
Roschon Johnson
84%
Shakel Brown
84%
Spencer Brown
84%
Sydney Brown
84%
K Tanner Brown
84%
Taron Johnson
84%
Theo Johnson
84%
Tony Brown
84%
Tre Brown
84%
Trent Brown
84%
Ty Johnson
84%
Tyler Johnson
84%
Xavier Johnson
84%
Xavier Newman-Johnson
84%
Zion Johnson
84%
Caleb Williams
83%
Erick All
83%
Jameson Williams
83%
Quincy Williams
83%
Quinnen Williams
83%
Adoree' Jackson
82%
Alaric Jackson
82%
Austin Jackson
82%
Avery Williams
82%
Brennan Jackson
82%
Bucky Williams
82%
Chase Williams
82%
Chris Williams
82%
Connor Williams
82%
Dane Jackson
82%
Daniel Jones
82%
Darious Williams
82%
Dee Williams
82%
Dequan Jackson
82%
DeShawn Williams
82%
D.J. Williams
82%
D'Marco Jackson
82%
Donte Jackson
82%
Dorian Williams
82%
Drake Jackson
82%
Eddie Jackson
82%
Evan Williams
82%
Garrett Williams
82%
Isaiah Williams
82%
Jalen Jackson
82%
Jamaal Williams
82%
James Smith-Williams
82%
James Williams
82%
JaQuae Jackson
82%
Javonte Williams
82%
Jaylin Williams
82%
Jha'Quan Jackson
82%
Johnah Williams
82%
John Jackson
82%
Jonah Jackson
82%
Jonah Williams
82%
Jordan Jackson
82%
Joshua Williams
82%
Kareem Jackson
82%
Kearis Jackson
82%
Kyren Williams
82%
Leonard Williams
82%
Lucky Jackson
82%
Marcus Williams
82%
Matthew Jackson
82%
McKinnley Jackson
82%
Mike Jackson
82%
Mike Williams
82%
Milton Williams
82%
Raequan Williams
82%
Rod Williams
82%
Sam Williams
82%
Shedrick Jackson
82%
Tarron Jackson
82%
Theo Jackson
82%
Trayveon Williams
82%
Trent Williams
82%
Trishton Jackson
82%
Aaron Jones
81%
Chris Jones
81%
QB Derek Carr
81%
Donovan Peoples-Jones
81%
Garrett Wilson
81%
Jedrick Wils
81%
QB Josh Allen
81%
DE Josh Hines-Allen
81%
QB Mac Jones
81%
Russell Wilson
81%
Andre Jones Jr.
80%
Benito Jones
80%
Braelon Allen
80%
QB Brandon Allen
80%
S Brandon Jones
80%
Braxton Jones
80%
Broderick Jones
80%
Caleb Jones
80%
Cam Jones
80%
Carl Jones
80%
Cedrick Wilson Jr.
80%
Charlie Jones
80%
Christian Jones
80%
DaQuan Jones
80%
TE Davis Allen
80%
Dawand Jones
80%
HC Dennis Allen
80%
Divaad Wilson
80%
D.J. Jones
80%
Donovan Wilson
80%
DE Dre'Mont Jones
80%
Elijah Jones
80%
Emmanuel Wilson
80%
Eric Wilson
80%
Ernest Jones
80%
Jack Jones
80%
Jamarco Jones
80%
Jarrian Jones
80%
Jaylon Jones
80%
Jeff Wilson
80%
Jeshaun Jones
80%
Joel Wilson
80%
Johnny Wilson
80%
DE Jonathan Allen
80%
CB Jonathan Jones
80%
Josh Jones
80%
Julian Good-Jones
80%
DT Justin Jones
80%
WR Kazmeir Allen
80%
Kyle Allen
80%
LB Logan Wilson
80%
Mack Wilson
80%
Marco Wilson
80%
Marcus Jones
80%
Michael Wilson
80%
| DT Naquan Jones
80%
Nic Jones
80%
Patrick Jones II
80%
Payton Wilson
80%
Robert Jones
80%
Roman Wilson
80%
Steven Jones
80%
Tim Jones
80%
DT Travis Jones
80%
Truman Jones
80%
Tyree Wilson
80%
Velus Jones Jr.
80%
Vi Jones
80%
DE Zach Allen
80%
Zach Wilson
80%
Zay Jones
80%
WR Keenan Allen
79%
WR Tyreek Hill
78%
QB C.J. Stroud
77%
DT B.J. Hill
76%
Brandon Hill
76%
Dayton Hill
76%
Jamal Hill
76%
Julian Hill
76%
Justice Hill
76%
LB Kamu Grugier-Hill
76%
TE Taysom Hill
76%
Trey Hill
76%
Troy Hill
76%
Trysten Hill
76%
QB Joe Burrow
74%
QB Patrick Mahomes
74%
DE Charles Harris
73%
Christian Harris
73%
Darius Harris
73%
Demone Harris
73%
Jacob Harris
73%
Joe Giles-Harris
73%
Jonathan Harris
73%
LS Josh Harris
73%
Kevin Harris
73%
Marcus Harris
73%
RB Najee Harris
73%
Nick Harris
73%
Roy Robertson-Harris
73%
Shelby Harris
73%
Will Harris
73%
QB Aaron Rodgers
72%
RB Alvin Kamara
71%
HC Andy Reid
71%
Armon Watts
71%
QB Deshaun Watson
71%
Eric Watts
71%
QB Justin Fields
71%
Markees Watts
71%
Ryan Watts
71%
Christian Watson
70%
Jaylen Watson
70%
Justin Watson
70%
Tariq Castro-Fields
70%
LB T.J. Watt
70%
Tony Fields II
70%
Blake Watson
69%
Casey Rodgers
69%
Dorian Thompson-Robinson
69%
Isaiah Rodgers
69%
WR Ja'Marr Chase
69%
Jordan Love
69%
Leroy Watson IV
69%
Mohamed Kamara
69%
Nathaniel Watson
69%
Sam Kamara
69%
QB Tua Tagovailoa
69%
RB Derrick Henry
68%
TE Hunter Henry
68%
Jalyx Hunt
68%
Julian Love
68%
Justin Herbert
68%
Kareem Hunt
68%
KJ Henry
68%
Robert Hunt
68%
RB Khalil Herbert
67%
Travis Kelce
67%
QB Jalen Hurts
66%
Justin Jefferson
66%
Marcus Maye
66%
Alonte Taylor
65%
Cody White
65%
Darrell Taylor
65%
DaShaun White
65%
David White Jr.
65%
Devin White
65%
Ja'Sir Taylor
65%
Jason Taylor II
65%
Jawaan Taylor
65%
Jermar Jefferson
65%
J.J. Taylor
65%
Jonathan Taylor
65%
Jordan Jefferson
65%
Keion White
65%
Keith Taylor
65%
LB Kyzir White
65%
Leonard Taylor III
65%
Malik Taylor
65%
Mike White
65%
Patrick Taylor
65%
Quinton Jefferson
65%
Rachaad White
65%
Reese Taylor
65%
Stefon Diggs
65%
Tony Jefferson
65%
P Tory Taylor
65%
Tre'Davious WHite
65%
Trent Taylor
65%
Trevon Diggs
65%
Trevor Lawrence
65%
Trey Taylor
65%
Tyrod Taylor
65%
Van Jefferson
65%
HC Zac Taylor
65%
Zamir White
65%
QB Bo Nix
64%
Demarcus Lawrence
64%
Dexter Lawrence
64%
Drake Maye
64%
Quandre Diggs
64%
Alex Cook
63%
Bijan Robinson
63%
Brad Robbins
63%
Brian Robinson
63%
S Bryan Cook
63%
RB Dalvin Cook
63%
Dylan Cook
63%
RB James Cook
63%
Allen Robinson
62%
A'Shawn Robinson
62%
Bryce Young
62%
Cam Robinson
62%
Chop Robinson
62%
Curtis Robinson
62%
Darius Robinson
62%
WR Davante Adams
62%
TE David Martin-Robinson
62%
Demarcus Robinson
62%
Dominique Robinson
62%
Jammie Robinson
62%
Janarius Robinson
62%
Keilan Robinson
62%
Lance Robinson
62%
Layden Robinson
62%
Mark Robinson
62%
Tavius Robinson
62%
Tyrese Robinson
62%
Wan'Dale Robinson
62%
Byron Young
61%
Cameron Young
61%
Chase Young
61%
Dareke Young
61%
WR George Pickens
61%
G Isaiah Adams
61%
Jamal Adams
61%
Jared Goff
61%
Landon Young
61%
LB Matthew Adams
61%
Montravius Adams
61%
DT Myles Adams
61%
Tony Adams
61%
Andre' Sam
60%
Ashtyn Davis
60%
Asim Richards
60%
Demario Davis
60%
Derius Davis
60%
Domenique Davis
60%
Gabe Davis
60%
Isaiah Davis
60%
| CB Jalen Davis
60%
Jalyn Armour-Davis
60%
Jamin Davis
60%
QB Jayden Daniels
60%
Jordan Davis
60%
Kaden Davis
60%
Kalia Davis
60%
Khalil Davis
60%
LJ Davis
60%
Malik Davis
60%
Michael Davis
60%
Nate Davis
60%
Raekwon Davis
60%
Ray Davis
60%
Rock Ya-Sin
60%
Shaq Davis
60%
| TE Tyler Davis
60%
Zacch Pickens
60%
| G Braeden Daniels
59%
Brian Thomas Jr.
59%
James Daniels
59%
QB Kyler Murray
59%
Zay Flowers
59%
A.J. Thomas
58%
Ambry Thomas
58%
Andrew Thomas
58%
Anthony Richardson
58%
LB Bradley Chubb
58%
Cameron Thomas
58%
Chris Olave
58%
Dallis Flowers
58%
Daniel Thomas
58%
Drake Thomas
58%
Ian Thomas
58%
Isaiah Thomas
58%
Jameis Winston
58%
Jaylon Thomas
58%
Joe Mixon
58%
Josh Jacobs
58%
Juanyeh Thomas
58%
Keir Thomas
58%
Nathan Thomas
58%
RB Nick Chubb
58%
Rodney Thomas
58%
QB Sam Darnold
58%
RB Saquon Barkley
58%
Solomon Thomas
58%
Spencer Rattler
58%
Starling Thomas V
58%
Tavierre Thomas
58%
Thayer Thomas
58%
Tre Flowers
58%
Xavier Thomas
58%
Zach Thomas
58%
Bill Murray
57%
Brock Purdy
57%
Curtis Jacobs
57%
Decamerion Richardson
57%
Demani Richardson
57%
OT Demontrey Jacobs
57%
Devin Richardson
57%
Eric Murray
57%
Gardner Minshew
57%
Joe Flacco
57%
Kenneth Murray Jr.
57%
TE Mark Andrews
57%
Tee Higgins
57%
FB C.J. Ham
56%
C David Andrews
56%
TE Elijah Higgins
56%
Jake Andrews
56%
Alijah Vera-Tucker
55%
QB Baker Mayfield
55%
Chris Moore
55%
Dalton Tucker
55%
Dan Moore Jr.
55%
David Moore
55%
DJ Moore
55%
Elijah Moore
55%
Jaylon Moore
55%
K Justin Tucker
55%
Kenny Moore II
55%
QB Kirk Cousins
55%
LS Nick Moore
55%
Rondale Moore
55%
Sean Tucker
55%
Skyy Moore
55%
Tavarius Moore
55%
Tre Tucker
55%
CeeDee Lamb
54%
RB Jahmyr Gibbs
54%
Marvin Harrison Jr.
54%
Matthew Stafford
54%
WR Nico Collins
54%
Anton Harrison
53%
Breece Hall
53%
Dak Prescott
53%
Jaylen Waddle
53%
Kenny Pickett
53%
Malik Harrison
53%
CB Ronnie Harrison
53%
Zach Harrison
53%
QB Austin Reed
52%
Chris Collins
52%
Christian McCaffrey
52%
D.J. Reed
52%
DK Metcalf
52%
Maliek Collins
52%
Rashee Rice
52%
QB Will Levis
52%
Zaven Collins
52%
WR Amari Cooper
51%
WR Antoine Green
51%
Art Green
51%
Bryce Hall
51%
Chris Evans
51%
Chris Reed
51%
Darren Hall
51%
Deebo Samuel Sr.
51%
Derick Hall
51%
Gabe Hall
51%
Gus Edwards
51%
QB Jaren Hall
51%
Jarran Reed
51%
Jayden Reed
51%
S Jerrick Reed II
51%
J.J. McCarthy
51%
Kemon Hall
51%
Kendrick Green
51%
Kenyon Green
51%
Logan Hall
51%
WR Mike Evans
51%
Mike Hall Jr.
51%
DE Myles Garrett
51%
Renardo Green
51%
C Ryan Coll
51%
Akayleb Evans
50%
Andre James
50%
HC Antonio Pierce
50%
Asante Samuel Jr.
50%
Brenden James
50%
Brenden Rice
50%
Cooper Kupp
50%
Curtis Samuel
50%
Darrynton Evans
50%
G David Edwards
50%
DeAndre Hopkins
50%
S Derwin James
50%
DJ James
50%
Drew Lock
50%
LB Edgerrin Cooper
50%
P Ethan Evans
50%
Isiah Pacheco
50%
Jaxon Smith-Njigba
50%
Joe Evans
50%
Jonathon Cooper
50%
Kenneth Walker III
50%
Mario Edwards
50%
Mike Edwards
50%
HC Mike McCarthy
50%
Monty Rice
50%
Rashaan Evans
50%
Ryan Cooper Jr.
50%
T.J. Edwards
50%
P AJ Cole
49%
Alec Pierce
49%
Dameon Pierce
49%
David Montgomery
49%
RB De'Von Achane
49%
K Dustin Hopkins
49%
TE George Kittle
49%
Myles Cole
49%
LB Von Miller
49%
Zach Tom
49%
Anthony Miller
48%
Anthony Walker
48%
Brevin Jordan
48%
TE Brock Bowers
48%
Cameron Jordan
48%
Dante Miller
48%
DeMarcus Walker
48%
Devontez Walker
48%
D.J. Montgomery
48%
Jordan Miller
48%
Kendre Miller
48%
Kolton Miller
48%
Michael Pierce
48%
Mike Jordan
48%
Mykal Walker
48%
Quay Walker
48%
Rasheed Walker
48%
Ryan Miller
48%
Scott Miller
48%
Tank Dell
48%
Tracy Walker III
48%
Travon Walker
48%
Ventrell Miller
48%
BJ Thompson
47%
Carson Wentz
47%
Cody Thompson
47%
Jalen Thompson
47%
Lorenzo Thompson
47%
Malik Willis
47%
NaJee Thompson
47%
RB Rhamondre Stevenson
47%
Shaq Thompson
47%
Skylar Thompson
47%
Aidan O'Connell
46%
Brayden Willis
46%
Courtland Sutton
46%
Davis Mills
46%
Ezekiel Elliot
46%
Jalen Mills
46%
Jerry Jeudy
46%
HC Kevin O'Connell
46%
Patrick O'Connell
46%
Puka Nacua
46%
Sauce Gardner
46%
Tyrique Stevenson
46%
Xavier Worthy
46%
Cameron Sutton
45%
Carter Warren
45%
CB Denzel Ward
45%
DeShon Elliot
45%
Jakobi Meyers
45%
Jaylan Warren
45%
Khalil Shakir
45%
Quinyon Mitchell
45%
Tony Pollard
45%
Adonai Mitchell
44%
LS Alex Ward
44%
DE Calais Campbell
44%
Cameron Mitchell
44%
LB Chance Campbell
44%
Charvarius Ward
44%
C Creed Humphrey
44%
HC Dan Campbell
44%
LB De'Vondre Campbell
44%
Drew Sanders
44%
Elijah Campbell
44%
Elijah Mitchell
44%
Jack Campbell
44%
Jackson Mitchell
44%
James Mitchell
44%
K Jason Sanders
44%
Ja'Tavion Sanders
44%
Jay Ward
44%
Jihad Ward
44%
Jimmie Ward
44%
Jonathan Ward
44%
Keaton Mitchell
44%
Marlon Humphrey
44%
Max Mitchell
44%
Michael Mayer
44%
Michael Penix Jr.
44%
Miles Sanders
44%
Parris Campbell
44%
Rashid Shaheed
44%
Tyson Campbell
44%
Andrew Meyer
43%
Brandon Coleman
43%
RB J.K. Dobbins
43%
WR Keon Coleman
43%
Khalil Mack
43%
Lil'Jordan Humphrey
43%
Malik Nabers
43%
Michael Pittman
43%
CB P.J. Locke
43%
WR Romeo Doubs
43%
P Cameron Johnston
42%
Dalton Kincaid
42%
TE David Njoku
42%
DJ Coleman
42%
CB Douglas Coleman III
42%
QB Jacoby Brissett
42%
James Conner
42%
Joey Bosa
42%
WR Jordan Addison
42%
HC Mike Tomlin
42%
Nick Bosa
42%
Quentin Johnston
42%
Raheem Mostert
42%
Travis Etienne
42%
Justin Reid
41%
Ladd McConkey
41%
Rashod Bateman
41%
Tyler Huntley
41%
Abdullah Anderson
40%
OT Alec Anderson
40%
Andre Carter II
40%
QB Andy Dalton
40%
Antonio Hamilton
40%
Ar'Darius Washington
40%
Brevyn Spann-Ford
40%
Broderick Washington
40%
Calvin Anderson
40%
Carlos Washington
40%
Casey Washington
40%
Chuba Hubbard
40%
Danielle Hunter
40%
Darnell Washington
40%
DT DaVon Hamilton
40%
DeAndre Carter
40%
DeWayne Carter
40%
Drake London
40%
Evan Anderson
40%
Isaiah Likely
40%
Jalen Carter
40%
G Ja'Tyre Carter
40%
HC Jim Harbaugh
40%
HC John Harbaugh
40%
Kyle Hamilton
40%
Liam Anderson
40%
Lorenzo Carter
40%
Malik Washington
40%
Micah Parsons
40%
Michael Carter
40%
Michael Carter II
40%
Montrell Washington
40%
Parker Washington
40%
Sam Hubbard
40%
G Spencer Anderson
40%
Tahj Washington
40%
Troy Anderson
40%
Tycen Anderson
40%
DE Will Anderson Jr.
40%
Winston Reid
40%
Zachary Carter
40%
S Zayne Anderson
40%
Cody Ford
39%
CB Jalen Ramsey
39%
QB Jason Bean
39%
LB Jaylan Ford
39%
Jerome Ford
39%
Jonathan Ford
39%
LaCale London
39%
Mike Ford
39%
Poona Ford
39%
Tyler Lockett
39%
Aidan Hutchinson
38%
WR Brandon Aiyuk
38%
Bucky Irving
38%
Cedric Gray
38%
Chris Godwin
38%
Cooper DeJean
38%
Dalton Schultz
38%
D'Andre Swift
38%
Danny Gray
38%
Dez Fitzpatrick
38%
Elias Neal
38%
RB Eric Gray
38%
Evan Neal
38%
K Harrison Butker
38%
Jaire Alexander
38%
John FitzPatrick
38%
J.T. Gray
38%
LB Kwon Alexander
38%
Kyle Pitts
38%
TE Mike Gesicki
38%
S Minkah Fitzpatrick
38%
Noah Gray
38%
Rome Odunze
38%
Sam LaPorta
38%
Siran Neal
38%
Terry McLaurin
38%
T.J. Hockenson
38%
Adam Thielen
37%
TE Dawson Knox
37%
Fred Warner
37%
Jimmy Garoppolo
37%
Sean Rhyan
37%
Tucker Kraft
37%
Xavier Hutchinson
37%
Zach Ertz
37%
RB Andrew Beck
36%
Brodric Martin
36%
Budda Baker
36%
Cooper Rush
36%
Dallas Goedert
36%
Darius Rush
36%
Darrell Baker Jr.
36%
Jacob Martin
36%
Javon Baker
36%
LB Jerome Baker
36%
LB Lavonte David
36%
Mason Rudolph
36%
Maxx Crosby
36%
Quan Martin
36%
Robert Beal Jr.
36%
P Sam Martin
36%
Tay Martin
36%
Zack Martin
36%
Andrus Peat
35%
RB Austin Ekeler
35%
Baron Browning
35%
K Cameron Dicker
35%
Darius Slay
35%
Jake Browning
35%
Josh Palmer
35%
Joshua Dobbs
35%
Pat Surtain II
35%
Riley Moss
35%
HC Sean Payton
35%
Tejhaun Palmer
35%
DE Trey Hendrickson
35%
QB Trey Lance
35%
Trey Palmer
35%
RB Zach Moss
35%
Calvin Ridley
34%
DT Cameron Heyward
34%
Cole Kmet
34%
Connor Heyward
34%
Evan Engram
34%
Jake Bates
34%
Jessie Bates
34%
RB Jordan Mason
34%
Lucas Patrick
34%
Luke McCaffrey
34%
Mitchell Trubisky
34%
Rico Payton
34%
Shaq Mason
34%
Tim Patrick
34%
LB Anfernee Jennings
33%
LS Blake Ferguson
33%
TE Brenden Bates
33%
Deion Jennings
33%
Donovan Jennings
33%
Isaiah Simmons
33%
Jake Ferguson
33%
Jeffery Simmons
33%
TE John Bates
33%
Juan Jennings
33%
S Justin Simmons
33%
Marcus Mariota
33%
HC Mike McDaniel
33%
Odell Beckham Jr.
33%
TE Pat Freiermuth
33%
LS Reid Ferguson
33%
Ryan Bates
33%
Terrell Jennings
33%
Trey McBride
33%
K Younghoe Koo
33%
LB Bobby Wagner
32%
D'Anthony Bell
32%
David Bell
32%
Desmond Ridder
32%
HC Doug Pederson
32%
Jahan Dotson
32%
Jaheim Bell
32%
Jeremiah Moon
32%
Kevin Dotson
32%
Markquese Bell
32%
Quinton Bell
32%
Ronnie Bell
32%
DT Travis Bell
32%
S Vonn Bell
32%
Allen Lazard
31%
Anthony Nelson
31%
Brandin Cooks
31%
Cam Lewis
31%
K Chris Boswell
31%
Christian Kirk
31%
Dalton Wagner
31%
Damien Lewis
31%
Darnell Mooney
31%
Elijah Cooks
31%
Jason Peters
31%
Jourdan Lewis
31%
Julius Wood
31%
Marcedes Lewis
31%
Marshon Lattimore
31%
Quenton Nelson
31%
Sam Howell
31%
Tyquan Lewis
31%
LS Zach Wood
31%
Zech McPhearson
31%
Alex Austin
30%
Brandon Joseph
30%
Calvin Austin III
30%
K Evan McPherson
30%
Greg Joseph
30%
Kelvin Joseph
30%
Kerby Joseph
30%
WR Kevin Austin Jr.
30%
LaBryan Ray
30%
Linval Joseph
30%
Marvin Mims Jr.
30%
Montez Sweat
30%
LS Tyler Ott
30%
Alexander Mattison
29%
Amani Hooker
29%
Amarius Mims
29%
CB Chamarri Conner
29%
K Daniel Carlson
29%
Hendon Hooker
29%
Jordan Mims
29%
WR Josh Downs
29%
Josh Sweat
29%
Laremy Tunsil
29%
S Malik Hooker
29%
K Matt Gay
29%
TE Mo Alie-Cox
29%
FB Patrick Ricard
29%
HC Raheem Morris
29%
TE Stephen Carlson
29%
RB Tank Bigsby
29%
Tanner Conner
29%
QB Tommy DeVito
29%
T'Vondre Sweat
29%
Alex Wright
28%
DE Brandon Graham
28%
British Brooks
28%
Brock Wright
28%
Byron Murphy
28%
Byron Murphy II
28%
Cade Otton
28%
Caleb Murphy
28%
Camron Peterson
28%
Chris Brooks
28%
Christian Gonzalez
28%
Darnell Wright
28%
Demario Douglas
28%
Gabriel Murphy
28%
Grayson Murphy
28%
WR Jalen Brooks
28%
Jalen Graham
28%
Jaylen Wright
28%
Jonathon Brooks
28%
Jordyn Brooks
28%
Karl Brooks
28%
S Kendell Brooks
28%
DT Kenny Clark
28%
Myles Murphy
28%
Nahshon Wright
28%
Nate Brooks
28%
Natrone Brooks
28%
Owen Wright
28%
Patrick Queen
28%
CB Rasul Douglas
28%
CB Rejzohn Wright
28%
P Ryan Wright
28%
Ta'Quon Graham
28%
Thomas Graham Jr.
28%
Willie Gay Jr.
28%
Xavier Legette
28%
Zach Charbonnet
28%
P Braden Mann
27%
Brenton Cox Jr.
27%
Christian Matthew
27%
S Chuck Clark
27%
Cole Turner
27%
Dallas Turner
27%
Damone Clark
27%
Derek Stingley Jr.
27%
Devin Singletary
27%
DJ Turner
27%
George Fant
27%
Joe Milton III
27%
Kei'Trel Clark
27%
Kendall Milton
27%
Kenneth Gainwell
27%
Kobie Turner
27%
Le'Raven Clark
27%
Mike Morris
27%
LS Morgan Cox
27%
Noah Fant
27%
Payton Turner
27%
Penei Sewell
27%
TE Princeton Fant
27%
Quintin Morris
27%
Robert Woods
27%
Tristan Wirfs
27%
Tyjae Spears
27%
Tyrone Tracy Jr.
27%
Wanya Morris
27%
Zeke Turner
27%
A.J. Woods
26%
Artie Burns
26%
S Brian Branch
26%
Brian Burns
26%
Charles Woods
26%
Elandon Roberts
26%
Jelani Woods
26%
Josh Woods
26%
JT Woods
26%
Mike Woods
26%
Nephi Sewell
26%
HC Nick Sirianni
26%
Noah Sewell
26%
Robery Burns
26%
Sam Roberts
26%
Taven Bryan
26%
TJ Bass
26%
Trent McDuffie
26%
Troy Franklin
26%
K Tyler Bass
26%
Tytus Howard
26%
Xavier McKinney
26%
S Xavier Woods
26%
Ahkello Witherspoon
25%
Andrei Iosivas
25%
RB Cam Akers
25%
DeForest Buckner
25%
Devon Witherspoon
25%
Isaiah McDuffie
25%
K Jason Myers
25%
CB Joey Porter Jr.
25%
Levi Drake Rodriguez
25%
HC Matt LaFleur
25%
Rico Dowdle
25%
Sam Franklin Jr.
25%
Tyler Conklin
25%
Tyler Higbee
25%
Vita Vea
25%
Zack Baun
25%
LB Zaire Franklin
25%
Boston Scott
24%
Chris Rodriguez Jr.
24%
Coby Bryant
24%
Daniel Scott
24%
Darius Slayton
24%
HC DeMeco Ryans
24%
Eric Scott Jr.
24%
Harrison Bryant
24%
OT Jack Conklin
24%
K Jake Elliott
24%
Jalen Elliott
24%
Jamel Dean
24%
P J.K. Scott
24%
OT Joe Alt
24%
Joe Thuney
24%
John Franklin-Myers
24%
Jordan Elliott
24%
Josh Myers
24%
HC Kyle Shanahan
24%
Malcolm Rodriguez
24%
Marquez Valdes-Scantling
24%
Myles Bryant
24%
Nakobe Dean
24%
Nick Scott
24%
HC Sean McVay
24%
Terrion Arnold
24%
Trent Scott
24%
RB Tyler Allgeier
24%
Tyler Scott
24%
Tyrann Mathieu
24%
Zavier Scott
24%
AJ Dillon
23%
Andru Phillips
23%
Antoine Winfield Jr.
23%
Antonio Gibson
23%
Arik Armstead
23%
RB Blake Corum
23%
K Brandon Aubrey
23%
Bryce Oliver
23%
Clark Phillips III
23%
Clyde Edwards-Helaire
23%
Curtis Bolton
23%
Del'Shawn Phillips
23%
Desmond King
23%
Dontayvion Wicks
23%
Dre Greenlaw
23%
Easton Stick
23%
DT Ed Oliver
23%
DT Harrison Phillips
23%
Isaiah Oliver
23%
Jaelan Phillips
23%
Jake Haener
23%
OT Jake Matthews
23%
Jared Verse
23%
Jesse Matthews
23%
Jordan Mailata
23%
Jordan Matthews
23%
Jordan Phillips
23%
Josh Oliver
23%
K Ka'imi Fairbairn
23%
Kalen King
23%
Kevin King
23%
Kyle Phillips
23%
Kyler Gordon
23%
TE Luke Benson
23%
HC Mike Macdonald
23%
WR Nelson Agholor
23%
LB Nick Bolton
23%
HC Sean McDermott
23%
OT Terron Armstead
23%
RB Trey Benson
23%
Will Bradley-King
23%
Will McDonald IV
23%
Brandon Parker
22%
K Chase McLaughlin
22%
S Damar Hamlin
22%
E.J. Jenkins
22%
G Elgton Jenkins
22%
Frank Ragnow
22%
K Jake Moody
22%
Jaray Jenkins
22%
John Jenkins
22%
Kris Jenkins
22%
CB Rayshawn Jenkins
22%
HC Robert Saleh
22%
Teven Jenkins
22%
Titus Leo
22%
C Tyler Linderbaum
22%
Tyson Bagent
22%
Christian Wilkins
21%
C.J. Henderson
21%
Dion Dawkins
21%
Ed Ingram
21%
Isaiah Land
21%
Jaleel McLaughlin
21%
Ja'Marcus Ingram
21%
Keaontay Ingram
21%
HC Kevin Stefanski
21%
DT Khristian Boyd
21%
CB Kris Boyd
21%
LaDarius Henderson
21%
G Landon Dickerson
21%
Matt Milano
21%
Terrell Edmunds
21%
Tremaine Edmunds
21%
WR Tyler Boyd
21%
LB Alex Anzalone
20%
Alex Highsmith
20%
Caedan Wallace
20%
Cam Hart
20%
C Cam Jurgens
20%
Carson Steele
20%
Christian Roland-Wallace
20%
Deane Leonard
20%
P Jack Fox
20%
Ja'Lynn Polk
20%
HC Jerod Mayo
20%
Josh Wallace
20%
K'Von Wallace
20%
Levi Wallace
20%
Ricky Pearsall
20%
Terence Steele
20%
Trevin Wallace
20%
Tylan Wallace
20%
Will Dissly
20%
Amik Robertson
19%
Case Keenum
19%
Cordarrelle Patterson
19%
HC Dan Quinn
19%
George Karlaftis
19%
Jaret Patterson
19%
C Jarrett Patterson
19%
John Kelly
19%
Justin Hollins
19%
FB Kyle Juszczyk
19%
Kyu Blu Kelly
19%
Luke Musgrave
19%
Mack Hollins
19%
Michael Jurgens
19%
DE Morgan Fox
19%
Nick McCloud
19%
Oren Burks
19%
Rashawn Slater
19%
Ray-Ray McCloud
19%
S Reed Blankenship
19%
Riq Woolen
19%
Ryan Kelly
19%
Tanner McKee
19%
Tomari Fox
19%
Tomon Fox
19%
Treylon Burks
19%
Andrew Raym
18%
Andrew Van Ginkel
18%
Austin Hooper
18%
Branson Deen
18%
Caelen Carson
18%
Cedric Tillman
18%
DaRon Bland
18%
Devin Bush
18%
Devin Lloyd
18%
Dondrea Tillman
18%
CB Jakorian Bennett
18%
Jalen Tolbert
18%
Jordan Travis
18%
Kalif Raymond
18%
KaVontae Turpin
18%
WR Kendrick Bourne
18%
Kyle Trask
18%
MarShawn Lloyd
18%
HC Matt Eberflus
18%
QB Stetson Bennett
18%
WR Tutu Atwell
18%
A.J. Terrell
17%
Bailey Zappe
17%
Chig Okonkwo
17%
Colby Parkinson
17%
Craig Reynolds
17%
Derek Rivers
17%
DJ Davidson
17%
C Erik McCoy
17%
Hayden Hurst
17%
Jaycee Horn
17%
Jermaine Burton
17%
G Joel Bitonio
17%
S Jordan Poyer
17%
Josh Reynolds
17%
L'Jarius Sneed
17%
Logan Lee
17%
Marcel Dabo
17%
DE Marlon Davidson
17%
Matt Lee
17%
DT Maurice Hurst
17%
FB Michael Burton
17%
Nate Wiggins
17%
Raekwon McMillan
17%
Ricky Lee
17%
Ronnie Rivers
17%
Ronnie Stanley
17%
Stephon Gilmore
17%
Talanoa Hufanga
17%
QB Taylor Heinicke
17%
K Wil Lutz
17%
Zach Davidson
17%
G Aaron Banks
16%
Anthony Hines III
16%
Ben Powers
16%
HC Brian Daboll
16%
Carlos Watkins
16%
Chasen Hines
16%
Chris Lindstrom
16%
Chris Paul
16%
Deonte Banks
16%
Derion Kendrick
16%
DT Eric Banks
16%
Geno Stone
16%
Harold Landry
16%
LB Jadeveon Clowney
16%
WR Jake Bobo
16%
Jalen Nailor
16%
Jarrett Stidham
16%
Jordan Morgan
16%
Kayshon Boutte
16%
La'Mical Perine
16%
CB Marcus Banks
16%
OT Mekhi Becton
16%
CB Mike Hilton
16%
Nyheim Hines
16%
Patrick Paul
16%
Quez Watkins
16%
Rasheen Ali
16%
Samaje Perine
16%
HC Todd Bowles
16%
Trayvon Mullen
16%
trenton Gill
16%
P Tress Way
16%
DT Adam Butler
15%
Bo Melton
15%
Braxton Berrios
15%
Brenton Strange
15%
K Cairo Santos
15%
K Cam Little
15%
Clayton Tune
15%
Cole Strange
15%
Dalvin Tomlinson
15%
D'Angelo Ross
15%
David Long
15%
Deuce Vaughn
15%
Devaughn Vele
15%
Eric Tomlinson
15%
Gervarrius Owens
15%
Haason Reddick
15%
Hunter Long
15%
John Metchie III
15%
John Ross
15%
John Simpson
15%
Jonathan Greenard
15%
Jonathan Owens
15%
Jordan Fuller
15%
CB Josh Butler
15%
Josh Ross
15%
Justyn Ross
15%
Kaden Ellis
15%
Kendall Fuller
15%
Ke'Shawn Vaughn
15%
K.J. Osborn
15%
Kool-Aid McKinstry
15%
LB Kyle Van Noy
15%
Laken Tomlinson
15%
Lideatrick Griffin
15%
Matthew Butler
15%
K Matt Prater
15%
Max Melton
15%
S Percy Butler
15%
Rashan Gary
15%
Shaquill Griffin
15%
Terique Owens
15%
Trenton Simpson
15%
Tre Tomlinson
15%
Tyler Owens
15%
Walker Little
15%
Will Shipley
15%
A.T. Perry
14%
LB Azeez Al-Shaair
14%
Azizi Hearn
14%
Brandon Powell
14%
Brandon Stephens
14%
Christian Darrisaw
14%
Elijah Hicks
14%
Faion Hicks
14%
Frankie Luvu
14%
DE Greg Rousseau
14%
Grover Stewart
14%
Irvin Charles
14%
Jaden Hicks
14%
Jer'Zhan Newton
14%
John Stephens Jr.
14%
Jordan Hicks
14%
Josh Newton
14%
Julian Hicks
14%
Kayvon Thibodeaux
14%
Keisean Nixon
14%
S Kevin Byard
14%
Leonard Floyd
14%
Marcus Simms
14%
Mark Perry
14%
M.J. Stewart
14%
Nick Mullens
14%
Nnamdi Madubuike
14%
Shemar Jean-Charles
14%
Sterling Shepard
14%
Tashawn Manning
14%
Tim Boyle
14%
Troy Reeder
14%
FB Alec Ingold
13%
RB Ameer Abdullah
13%
OT Charles Cross
13%
DeeJay Dallas
13%
WR DJ Chark
13%
RB Emani Bailey
13%
Emari Demercado
13%
Gerald Everett
13%
P Jake Bailey
13%
OT Josh Ball
13%
Justin Rogers
13%
Kevin Zeitler
13%
Lawrence Guy
13%
Levelle Bailey
13%
Marcelino McCrary-Ball
13%
Markus Bailey
13%
Nick Cross
13%
Nik Bonitto
13%
OT Quinn Bailey
13%
Terrace Marshall Jr.
13%
Tucker Fisk
13%
RB Ty Chandler
13%
C Zach Frazier
13%
Abraham Lucas
12%
DE Alex Barrett
12%
Alex Singleton
12%
DE Austin Booker
12%
Beanie Bishop Jr.
12%
Ben Sims
12%
K Blake Grupe
12%
Cameron Latu
12%
Cameron Sample
12%
Cam Taylor-Britt
12%
Cesar Ruiz
12%
Chase Lucas
12%
C.J. Mosley
12%
Cody Barton
12%
Cole Bishop
12%
Cornelius Lucas
12%
Devin Harper
12%
D.J. Reader
12%
Drew Sample
12%
Eric Kendricks
12%
Fabian Moreau
12%
Foster Moreau
12%
Grady Jarrett
12%
C Graham Barton
12%
K Graham Gano
12%
TE Grant Calcaterra
12%
Greg Dortch
12%
Isaac Guerendo
12%
OT Jackson Barton
12%
Jalen Coker
12%
Jevon Holland
12%
HC Jonathan Gannon
12%
Jonathan Mingo
12%
S Julian Blackmon
12%
Kadarius Toney
12%
Kimani Vidal
12%
Laiatu Latu
12%
Lukas Van Ness
12%
LB Matthew Judon
12%
CB Mekhi Blackmon
12%
Michael Barrett
12%
K Nick Folk
12%
Nick Westbrook-Ikhine
12%
TE N'Keal Harry
12%
Rakim Jarrett
12%
Roy Lopez
12%
HC Shane Steichen
12%
Steven Sims
12%
CB Tarheeb Still
12%
OT Taylor Decker
12%
Terrel Bernard
12%
DT Thomas Booker
12%
Thomas Harper
12%
Will Hernandez
12%
Audric Estimé
11%
Brett Rypien
11%
HC Brian Callahan
11%
Bryan Hudson
11%
QB Carter Bradley
11%
Chad Ryland
11%
Charlie Heck
11%
Charlie Smyth
11%
Cobie Durant
11%
TE Daniel Bellinger
11%
Dan Skipper
11%
HC Dave Canales
11%
Derrick Barnes
11%
Dorance Armstrong
11%
Drue Tranquill
11%
Frank Gore Jr.
11%
Germaine Pratt
11%
Geron Christian
11%
K Greg Zuerlein
11%
Hassan Haskins
11%
Ivan Pace Jr.
11%
Jalen Guyton
11%
James Bradberry
11%
James Hudson
11%
Jeff Okudah
11%
Kamari Lassiter
11%
Khaleke Hudson
11%
Krys Barnes
11%
Mason Pine
11%
Mecole Hardman
11%
Michael Pratt
11%
Mike Greene
11%
Olamide Zaccheaus
11%
FB Reggie Gilliam
11%
Robert Spillane
11%
Tanner Hudson
11%
LS Taybor Pepper
11%
Taylor Rapp
11%
P Tommy Townsend
11%
Trevor Penning
11%
Tyler Guyton
11%
Wyatt Teller
11%
Zaire Barnes
11%
Adrian Martinez
10%
Ameer Speed
10%
Carlton Davin
10%
Charlie Woerner
10%
C.J. Goodwin
10%
Daijahn Anthony
10%
Dare Ogunbowale
10%
Deantre Prince
10%
Deneric Prince
10%
Devin Duvernay
10%
Devonte Wyatt
10%
E.J. Speed
10%
Eric Stokes
10%
Greg Newsome II
10%
S Jabrill Peppers
10%
Jalin Hyatt
10%
CB Jarius Monroe
10%
K Joey Slye
10%
Kylen Granson
10%
Luke Schoonmaker
10%
Malachi Corley
10%
Mason McCormick
10%
P Matt Araiza
10%
Mitch Morse
10%
Olumuyiwa Fashanu
10%
Pierre Strong
10%
Quinn Meinerz
10%
Quintin Newsome
10%
Raiqwon O'Neal
10%
Royce Freeman
10%
Ryan Ramczyk
10%
Sean Murphy-Bunting
10%
Sincere McCormick
10%
Tommy Tremble
10%
Will Sherman
10%
Anthony Gould
9%
Azeez Ojulari
9%
Braden Fiske
9%
Brady Russell
9%
Bryce Huff
9%
S Calen Bullock
9%
Camryn Bynum
9%
Chris Russell
9%
Corey Bullock
9%
Darnell Savage
9%
DT Daron Payne
9%
D'Onta Foreman
9%
K Eddie Pineiro
9%
DE Elijah Garcia
9%
DE Felix Anudike-Uzomah
9%
Jalen Wayne
9%
Jeff Foreman
9%
J.J. Russell
9%
Josh Hayes
9%
Joshua Miles
9%
Joshua Paschal
9%
Josh Whyle
9%
Jotham Russell
9%
Kwity Paye
9%
Maquis Hayes
9%
Marquis Hayes
9%
Paulson Adebo
9%
Richie Grant
9%
Robert Tonyan
9%
QB Sean Clifford
9%
Taliese Fuaga
9%
Trey Sermon
9%
RB Tyler Goodson
9%
Tyquan Thornton
9%
Tyrice Knight
9%
Tyrion Davis-Price
9%
Will Grier
9%
K Will Reichard
9%
TE AJ Barner
8%
A.J. Epenesa
8%
Antonio Grier Jr.
8%
Arden Key
8%
BJ Ojulari
8%
OT Blake Fisher
8%
Bobby Price
8%
P Bryan Anger
8%
Bub Means
8%
Cade Stover
8%
Christian Benford
8%
Cole Spencer
8%
| G Connor McGovern
8%
Dante Fowler Jr.
8%
DeMarvion Overshown
8%
Deommodore Lenoir
8%
Derek Barnett
8%
De'Shaan Dixon
8%
Devon Key
8%
Dominique Hampton
8%
Donald Parham
8%
Duke Riley
8%
Durham Smythe
8%
Dylan Parham
8%
Elijah Riley
8%
Emmanuel Forbes
8%
Greg Dulcich
8%
Jalen Pitre
8%
Jalen Reagor
8%
James Houston
8%
James Pierre
8%
Jaquan Brisker
8%
Javon Bullard
8%
OT Javon Foster
8%
DT Javon Hargrave
8%
Jaylen Key
8%
JC Latham
8%
Jeremy Chinn
8%
Jeremy McNichols
8%
Jeremy Ruckert
8%
Johnny Mundt
8%
DE Jonathan Bullard
8%
Jordan Whittington
8%
Jordon Riley
8%
Joshua Karty
8%
Kelee Ringo
8%
KhaDarel Hodge
8%
K.J. Britt
8%
P Logan Cooke
8%
LS Luke Rhodes
8%
Marcus Davenport
8%
Marcus Riley
8%
P Michael Dickson
8%
Morgan Moses
8%
Nate Herbig
8%
Nate Hobbs
8%
Nick Gates
8%
LB Nick Hampton
8%
Nick Herbig
8%
P Riley Dixon
8%
Roger Rosengarten
8%
Ronnie Perkins
8%
Sam Ehlinger
8%
Sebastian Joseph-Day
8%
Stone Smartt
8%
Tashaun Gipson
8%
Trevis Gipson
8%
Tyrell Shavers
8%
Tyrus Wheat
8%
Will Fries
8%
Xavier Gipson
8%
Alim McNeil
7%
Avonte Maddox
7%
Ben Skowronek
7%
Bilal Nichols
7%
Carl Lawson
7%
Carrington Valentine
7%
Charlie Kolar
7%
RB Chase Edmonds
7%
Chau Smith-Wade
7%
Chidobe Awuzie
7%
Chris Edmonds
7%
Cody Mauch
7%
Dayton Wade
7%
Denzel Perryman
7%
Ennish Rakestraw Jr.
7%
S Grant Delpit
7%
Jamison Crowder
7%
Jerry Hughes
7%
Joe Tippmann
7%
Jordan Battle
7%
S Jordan Whitehead
7%
S Kamren Curl
7%
Kendrick Pryor
7%
Kristian Fulton
7%
Kyle Dugger
7%
Luke Farrell
7%
Malik Cunningham
7%
Malik Heath
7%
S Marcus Epps
7%
Martin Emerson
7%
Mason Tipton
7%
Matt Pryor
7%
K Mike Badgley
7%
Mike Hughes
7%
Mike McGlinchey
7%
Neil Farrell
7%
Odafe Oweh
7%
Pete Werner
7%
P Rigoberto Sanchez
7%
Shaun Wade
7%
Sheldon Day
7%
SirVocea Dennis
7%
Storm Duck
7%
Tom Kennedy
7%
Trenton Irwin
7%
Tyler Nubin
7%
Zach Cunningham
7%
Zach Pascal
7%
C | LS Aaron Brewer
6%
G Alex Cappa
6%
Alohi Gilman
6%
Anderson Hardy
6%
Ashton Dulin
6%
K Austin Seibert
6%
Ben Sinnott
6%
Bernhard Raimann
6%
Blake Cashman
6%
Blake Lynch
6%
C Bradley Bozeman
6%
Bryan Bresee
6%
Calijah Kancey
6%
Carl Granderson
6%
Chris Conley
6%
Christian Elliss
6%
C.J. Brewer
6%
Daequan Hardy
6%
Daniel Hardy
6%
Darnay Holmes
6%
Da'Shawn Hand
6%
David Sharpe
6%
Foye Oluokun
6%
C Garrett Bradbury
6%
Gervon Dexter Sr.
6%
Gregory Junior
6%
Harrison Hand
6%
Isaac Seumalo
6%
Jack Plummer
6%
QB Jake Fromm
6%
Jalyn Holmes
6%
Jamari Thrash
6%
James Lynch
6%
Jaylinn Hawkins
6%
Jeff Driskel
6%
Jerry Tillery
6%
P Johnny Hekker
6%
Jonah Elliss
6%
Jordan Akins
6%
Joshua Uche
6%
Kaiir Elam
6%
Keeanu Benton
6%
Khalen Saunders
6%
Kingsley Jonathan
6%
Leo Chenal
6%
C Lloyd Cushenberry III
6%
Malik Hamm
6%
Marshawn Kneeland
6%
G Matthew Bergeron
6%
Michael Danna
6%
Mike Onwenu
6%
P Mitch Wishnowsky
6%
Myles Harden
6%
Nathan Peterman
6%
Peter Skoronski
6%
Rashad Weaver
6%
Rob Havenstein
6%
Ryan Flournoy
6%
P Ryan Stonehouse
6%
S Sanoussi Kane
6%
FB Scott Matlock
6%
Swayze Bozeman
6%
Teair Tart
6%
Tershawn Wharton
6%
Tre Hawkins III
6%
Trent Sherfield
6%
Tre'von Moehrig
6%
OT Troy Fautanu
6%
RB Tyler Badie
6%
C Tyler Biadasz
6%
Xavier Weaver
6%
LB Yasir Abdullah
6%
Yaya Diaby
6%
Adisa Isaac
5%
G Ben Cleveland
5%
Benjamin St-Juste
5%
Brandon Bouyer-Randle
5%
Brandon Scherff
5%
Britain Covey
5%
Christian Barmore
5%
Christian Haynes
5%
C.J. Hanson
5%
Coleman Shelton
5%
CB Corey Ballentine
5%
Daiyan Henley
5%
Dalton Risner
5%
Damarri Mathis
5%
Daniel Faalele
5%
Dante Stills
5%
Dashaun Mallory
5%
Deatrich Wise
5%
DT Derrick Nnadi
5%
Dylan Horton
5%
G Ezra Cleveland
5%
Henry To'oTo'o
5%
Isaiah Hodgins
5%
Jahlani Tavai
5%
C Jake Hanson
5%
WR Jason Brownlee
5%
Javon Kinlaw
5%
Ja'Whaun Bentley
5%
LB Jeremiah Owusu-Koramoah
5%
LS J.J. Jansen
5%
John Michael Schmitz
5%
Jon Runyan
5%
Jordan McFadden
5%
Josh Metellus
5%
Juice Scruggs
5%
RB Julius Chestnut
5%
Junior Colson
5%
Kamren Kinchens
5%
Keenan Isaac
5%
KJ Hamler
5%
Laviska Shenault Jr.
5%
Malik Mustapha
5%
Marcus Haynes
5%
McClendon Curtis
5%
Micah McFadden
5%
Michael Dunn
5%
Morice Norris Jr.
5%
Nehemiah Shelton
5%
Ochaun Mathis
5%
O'Cyrus Torrence
5%
Peyton Hendershot
5%
Phidarian Mathis
5%
Quentin Lake
5%
Robbie Chosen
5%
Ro Torrence
5%
Royce Newman
5%
Sam Cosmi
5%
Sam Hartman
5%
Sam Webb
5%
Simi Fehoko
5%
Sione Vaki
5%
Takk McKinley
5%
P Thomas Morstead
5%
Travis Homer
5%
Tuli Tuipulotu
5%
Tyler Lacy
5%
Tyler Steen
5%
Will Mallory
5%
DE Yannick Ngakoue
5%
Zyon Gilbert
5%
Zyon McCollum
5%
FB Adam Prentice
4%
AJ Finley
4%
Akeem Davis-Gaither
4%
C Alex Forsyth
4%
Alex Leatherwood
4%
S Andre Cisco
4%
Andrew Billings
4%
LS Andrew DePaola
4%
Andrew Farmer
4%
Andrew Ogletree
4%
Andrew Wylie
4%
G Anthony Bradford
4%
Anthony Schwartz
4%
TE Baylor Cupp
4%
Ben Niemann
4%
Bralen Trice
4%
Brock Hoffman
4%
Bryce Ford-Wheaton
4%
LB Bud Dupree
4%
Cade Mays
4%
Caleb Farley
4%
Cameron Erving
4%
Carter O'Donnell
4%
Charles Omenihu
4%
Chris Collier
4%
LS Chris Stoll
4%
LS Christian Kuntz
4%
Christian Mahogany
4%
Christian Rozeboom
4%
Cody Schrader
4%
Colby Wooden
4%
Cole Holcomb
4%
OT Colton McKivitz
4%
Connor McDermott
4%
C Cooper Beebe
4%
P Corey Bojorquez
4%
Corliss Waitman
4%
Cory Trice Jr.
4%
Damontae Kazee
4%
P Daniel Whelan
4%
David Quessenberry
4%
Davon Godchaux
4%
Dawuane Smoot
4%
Dee Winters
4%
Delarrin Turner-Yell
4%
DeMarvin Leal
4%
Demetrius Flannigan-Fowles
4%
DT Denico Autry
4%
WR Deon Cain
4%
Derrick Forrest
4%
Deven Thompkins
4%
Devin Cochran
4%
Devin Leary
4%
Divine Deablo
4%
D.J. Wonnum
4%
Dominick Puni
4%
C Drew Dalman
4%
D'Wayne Eskridge
4%
Dylan Laube
4%
Elijah Molden
4%
Elijah Wilkinson
4%
Eli Ricks
4%
C Ethan Pocic
4%
Evan Hull
4%
TE Feleipe Franks
4%
Grant DuBose
4%
Greg Gaines
4%
Greg Van Roten
4%
Hunter Luepke
4%
Ian Wheeler
4%
Ifeatu Melifonwu
4%
Ihmir Smith-Marsette
4%
Isaiah Bolden
4%
Jack Sanborn
4%
Jack Stoll
4%
Jacob Cowing
4%
C Jacob Monk
4%
C Jake Brendel
4%
Jake Tonges
4%
Jalen McKenzie
4%
Jalen McMilan
4%
Jalen Redmond
4%
LS James Winchester
4%
Jamien Sherwood
4%
Ja'Quan McMillian
4%
DT Jaquelin Roy
4%
Jared Wiley
4%
Javion Cohen
4%
Javon Solomon
4%
Jeremiah Trotter Jr.
4%
Joe Gaines II
4%
Joe Noteboom
4%
Joe Tryon-Shoyinka
4%
P Jordan Stout
4%
Jose Ramirez
4%
Josh Jobe
4%
Juan Thornhill
4%
Kelvin Beachum
4%
Kelvin Harmon
4%
Kene Nwangwu
4%
Kenny McIntosh
4%
Kenny Yeboah
4%
Khalid Duke
4%
FB Khari Blasingame
4%
Kingsley Suamataia
4%
K'Lavon Chaisson
4%
Kristian Wilkerson
4%
Larry Ogunjobi
4%
Lewis Cine
4%
L.J. Collier
4%
Lucas Krull
4%
Luke Goedeke
4%
Luke Wattenberg
4%
Marlon Tuipulotu
4%
Mekhi Wingo
4%
Michael Jacobson
4%
Michael Wiley
4%
Mike Sainristil
4%
Miles Killebrew
4%
Millard Bradford
4%
Mitchell Wilcox
4%
Moro Ojomo
4%
MyCole Pruitt
4%
Myles Gaskin
4%
TE Nate Adkins
4%
Nathan Shepherd
4%
G Nick Allegretti
4%
Nick Muse
4%
Nick Niemann
4%
Nick Vannett
4%
Pat O'Connor
4%
RB Raheem Blackshear
4%
LS Rick Lovato
4%
River Cracraft
4%
Robert Rochell
4%
Ryan McCollum
4%
Scott Quessenberry
4%
Shane Buechele
4%
Shane Zylstra
4%
Sheldon Rankins
4%
Sidy Sow
4%
Stephen Sullivan
4%
G Steve Avila
4%
Tanner Muse
4%
Taylor Moton
4%
C Ted Karras
4%
Tim Settle
4%
Tommy Doyle
4%
CB Tristin McCollum
4%
Tyrel Dodson
4%
Ty'Ron Hopper
4%
Ty Summers
4%
Vederian Lowe
4%
C Will Clapp
4%
Yetur Gross-Matos
4%
Zack Kuntz
4%
Albert Okwuegbunam
3%
K Alex Hale
3%
OT Andre Dillard
3%
Andrew Booth
3%
Andrew Vorhees
3%
Andrew Wingard
3%
Ben VanSumeren
3%
OT Blake Brandel
3%
P Blake Gillikin
3%
Boye Mafe
3%
P Bradley Pinion
3%
Braiden McGregor
3%
Brandin Echols
3%
Brandon Walton
3%
Brent Urban
3%
P Bryce Baringer
3%
Caden Sterns
3%
Cade York
3%
Cameron Goode
3%
Casey Toohill
3%
Chris Braswell
3%
Chris Manhertz
3%
Christian Braswell
3%
Chukwuma Okorafor
3%
Clelin Ferrell
3%
Cody Whitehair
3%
Cordale Flott
3%
David Ojabo
3%
David Sills
3%
Dean Lowry
3%
Dee Alford
3%
D'Shawn Jamison
3%
Elijah Klein
3%
DE Genard Avery
3%
Geoff Swaim
3%
Giovanni Manu
3%
G Henry Byrd
3%
LS Hogan Hatten
3%
OT Ikem Ekwonu
3%
DE Isaiah Foskey
3%
Isaiah Pola-Mao
3%
Isaiah Wynn
3%
Jabari Small
3%
Jake Hansen
3%
Jalen Reeves-Maybin
3%
Jalen Virgil
3%
P Jamie Gillan
3%
JaMycal Hasty
3%
Jarett Kingston
3%
Jason Pinnock
3%
Jeremiah Ledbetter
3%
Jeremy Reaves
3%
JL Skinner
3%
LS Joe Cardona
3%
LS Jon Weeks
3%
Joseph Fortson
3%
Josey Jewell
3%
Josiah Deguara
3%
Julian Okwara
3%
Julius Brents
3%
Justin Strnad
3%
Kaleb McGary
3%
Kedon Slovis
3%
Kendall Lamm
3%
Khyiris Tonga
3%
Kindle Vildor
3%
Ko Kieft
3%
Laquon Treadwell
3%
Levi Onwuzurike
3%
Marist Liufau
3%
Marte Mapu
3%
Matt Hennessy
3%
LS Matthew Orzech
3%
Michael Hoecht
3%
Mike Boone
3%
Miles Boykin
3%
Nate Landman
3%
Nate Lynn
3%
Nicholas Morrow
3%
Nsimba Webster
3%
Patrick Mekari
3%
Patrick Scales
3%
Payne Durham
3%
Rakeem Nunez-Roches
3%
Rodger McCreary
3%
Rodney McLeod Jr.
3%
Ronald Darby
3%
Ronnie Hickman Jr.
3%
TE Ross Dwelley
3%
Ruke Orhorhoro
3%
Sedrick Van Pran-Granger
3%
TE Shawn Bowman
3%
Sione Takitaki
3%
Solomon Byrd
3%
LS Thomas Hennessy
3%
Timmy Horne
3%
Tip Reiman
3%
T.J. Luther
3%
Travis Blount
3%
Tre Avery
3%
LS Trent Sieg
3%
Troy Dye
3%
FB Troy Hairston
3%
Wesley French
3%
William Gholston
3%
Zach Sieler
3%
Adam Troutman
2%
LB Amari Burney
2%
Amen Ogbongbemiga
2%
Anfernee Orji
2%
DE Angelo Blackson
2%
Anthony Firkser
2%
Anthony Kendall
2%
Arnold Ebiketie
2%
C Austin Corbett
2%
Austin Schlottmann
2%
Baylon Spector
2%
Bayron Matos
2%
CB Beau Brade
2%
Ben Bartch
2%
G Ben Bredeson
2%
Ben Stille
2%
Benton Whitley
2%
Blake Larson
2%
Bobby McCain
2%
Bo Richter
2%
Brady Christensen
2%
Brandon Codrington
2%
DE Brandon Dorlus
2%
Brayden Narveson
2%
Brenden Schooler
2%
Brett Toth
2%
Brian Asamoah
2%
Byron Cowart
2%
Carlos Basham
2%
Chad Muma
2%
Charles Snowden
2%
LS Charley Hughlett
2%
WR Chris Blair
2%
Chris Board
2%
Colton Dowell
2%
Cooper Hodges
2%
S Dane Belton
2%
Dan Feeney
2%
Danny Pinter
2%
David Onyemata
2%
DeAngelo Malone
2%
Dennis Gardeck
2%
Deonte Harty
2%
TE Devin Culp
2%
DJ Glaze
2%
| C Dylan McMahon
2%
DT Eddie Goldman
2%
DT Elijah Chatman
2%
Emmanuel Moseley
2%
Emmanuel Ogbah
2%
Eric Saubert
2%
Erik Ezukanma
2%
Frank Crum
2%
CB George Odum
2%
Gunner Olszewski
2%
Hjalte Froholdt
2%
Isaac Yiadom
2%
DE Isaiahh Loudermilk
2%
Isaiah McGuire
2%
RB Israel Abanikanda
2%
Israel Mukuamu
2%
Jack Cochrane
2%
Jack Driscoll
2%
Jack Gibbens
2%
Jake Curhan
2%
Jamaree Salyer
2%
James Proche
2%
Jamie Sheriff
2%
Jay Tufele
2%
G Jermaine Eluemunor
2%
Joe Andreessen
2%
John Cominsky
2%
Jonah Laulu
2%
Jonathan Sutherland
2%
Jonnathan Hankins
2%
Jordan Howden
2%
Joseph Ossai
2%
Josh Blackwell
2%
WR Joshua Cephus
2%
Jowon Briggs
2%
Justin Shorter
2%
Justin Skule
2%
Juwann Winfree
2%
Keith Kirkwood
2%
Kendall Sheffield
2%
Kentavius Street
2%
Kevin Givens
2%
CB Khalil Dorsey
2%
Kingsley Enagbare
2%
Kris Abrams-Draine
2%
Kristian Welch
2%
G Larry Borom
2%
DT Leki Fotu
2%
Liam Eichenberg
2%
LS Liam McCullough
2%
Logan Woodside
2%
Louis Rees-Zammit
2%
Luke Masterson
2%
OT Malaesala Aumavae-Laulu
2%
Malcolm Roach
2%
Marcellas Dial Jr.
2%
Matt Landers
2%
Matt Peart
2%
Matt Waletzko
2%
WR Michael Bandy
2%
DE Michael Clemons
2%
Mike Mcallister
2%
Mike Pennel
2%
Mitchell Agude
2%
Mitchell Tinsley
2%
Neville Gallimore
2%
Nick Thurman
2%
LB Nick Vigil
2%
Nikko Remigio
2%
OT Obinna Eze
2%
Oli Udoh
2%
Omar Speights
2%
Osa Odighizuwa
2%
Oshane Ximines
2%
Otis Reese
2%
Otiti Ogbonnia
2%
PJ Mustipher
2%
Quintez Cephus
2%
Qwan'tez Stiggers
2%
Reddy Steward
2%
Robert Hainsey
2%
Ryan Van Demark
2%
Sammis Reyes
2%
Sam Mustipher
2%
Samori Toure
2%
Samson Ebukam
2%
LS Scott Daly
2%
Siaki Ika
2%
Spencer Shrader
2%
Storm Norton
2%
T.J. Tampa
2%
Tommy Eichenberg
2%
Travis Clayton
2%
Travis Glover
2%
Trevor Keegan
2%
Trevor Nowaske
2%
Trey Pipkins
2%
Treyton Welch
2%
Trystan Colon
2%
Tyler McLellan
2%
Tyreik McAllister
2%
Tyus Bowser
2%
S Ugo Amadi
2%
Walter Rouse
2%
Aaron Shampklin
1%
Aaron Stinnie
1%
Abraham Beauplan
1%
Adam Gotsis
1%
DT Adetomiwa Adebawore
1%
OT A.J. Arcuri
1%
Alex Bachman
1%
Ali Gaye
1%
Amani Oruwariye
1%
Amari Gainer
1%
CB Andre Chachere
1%
Anthony Averett
1%
Arron Mosby
1%
Arthur Maulet
1%
Austin Trammell
1%
OT Blake Freeland
1%
Blake Hance
1%
Blake Whiteheart
1%
Breaux Limmer
1%
Brian O'Neall
1%
Brock Mogensen
1%
Bruce Hector
1%
LS Cal Adomitis
1%
Calvin Throckmorton
1%
Cam Grandy
1%
Carter Coughlin
1%
LS Casey Kreiter
1%
Chandler Zavala
1%
Channing Tindall
1%
Chazz Surratt
1%
Chris Glaser
1%
Chris Rumph II
1%
Christian Izien
1%
Christopher Hinton
1%
Chris Wormley
1%
Claudin Cherelus
1%
Colby Sorsdal
1%
Cole Burgess
1%
Cole Van Lanen
1%
Colson Yankoff
1%
Connor Galvin
1%
Cordell Volson
1%
Corey Levin
1%
Cory Durden
1%
Dadrion Taylor-Demerson
1%
Dakoda Shepley
1%
Dallin Holker
1%
Dalton Keene
1%
Dan Chisena
1%
G Daniel Brunskill
1%
DE Daniel Ekuale
1%
Darian Kinnard
1%
Darius Muasau
1%
Dayo Odeyingbo
1%
DeMarcco Hellams
1%
DE Denzel Daxon
1%
Derrick McLendon
1%
Dillon Radunz
1%
D.J. Ivey
1%
C Doug Kramer
1%
Duke Shelley
1%
Dwight McGlothern
1%
Dylan Drummond
1%
Edefuan Ulofoshio
1%
Efe Obada
1%
Eku Leota
1%
Ellis Merriweather
1%
Erick Hallett
1%
Ethan Bonner
1%
LS Evan Deckers
1%
Eyioma Uwazurike
1%
Foley Fatukasi
1%
Foster Sarell
1%
Gary Brightwell
1%
George Holani
1%
Germain Ifedi
1%
Grant Stuard
1%
Greg Stroman
1%
Hakeem Adeniji
1%
Isaac Ukwu
1%
LS Jacob Bobenmoyer
1%
Jacob Hummel
1%
Jacob Slade
1%
Jaden Crumedy
1%
Jaelon Darden
1%
OT Jaelyn Duncan
1%
P Jake Camarda
1%
Jake Kubas
1%
Jalen Moreno-Cropper
1%
Jarrick Bernard-Converse
1%
Jase McClellan
1%
Javontae Jean-Baptiste
1%
Jayden Peevy
1%
Jaylen Harrell
1%
Jeremiah Jean-Baptiste
1%
Jeremiah Pharms
1%
Jeremy Flax
1%
Jesse Luketa
1%
Joe Bachie
1%
Johnathan Abram
1%
John Feliciano
1%
John Rhys Plumlee
1%
John Ridgeway
1%
John Shenker
1%
Jordan Colbert
1%
Jordan Meredith
1%
OT Joshua Ezeudu
1%
Ka'dar Hollman
1%
Kadeem Telfort
1%
Kader Kohou
1%
Kaevon Merriweather
1%
Kamal Hadden
1%
Kana'i Mauga
1%
G Kayode Awosika
1%
Keith Ismael
1%
Kenny Dyson
1%
Keondre Coburn
1%
Khalid Kareem
1%
C Kingsley Eguakun
1%
OT Kiran Amegadjie
1%
Kitan Oladapo
1%
Kyle Hinton
1%
DT Kyle Peko
1%
Laekin Vakalahi
1%
Larrell Murchison
1%
Lester Cotton
1%
Loren Strickland
1%
C Luke Fortner
1%
Luke Gifford
1%
Luke Wypler
1%
Maema Njongmeta
1%
Malcolm Koonce
1%
Malik Herring
1%
Mason Kinsey
1%
P Matthew Hayball
1%
McCallan Castles
1%
LB Micah Baskerville
1%
Michael Deiter
1%
G Mike Caliendo
1%
Milo Eifler
1%
LS Mitchell Fraboni
1%
Netane Niese
1%
Neville Hewitt
1%
Nick Leverett
1%
Nick Samac
1%
Nik Needham
1%
Noah Igbinoghene
1%
Ogbo Okoronkwo
1%
Owen Pappoe
1%
TE Parker Hesse
1%
Raheem Layne
1%
Ramel Keyton
1%
LS Ross Matiscik
1%
Russ Yeast
1%
Ryan Neuzil
1%
P Ryan Rehkow
1%
Sam Eguavoen
1%
Samuel Womack
1%
Sean McKeon
1%
Seth Vernon
1%
Shaka Heyword
1%
Shane Lemieux
1%
Shy Tuttle
1%
Stone Forsythe
1%
Sua Opeta
1%
Taki Taimani
1%
Tanner McLachlan
1%
Tanner Mordecai
1%
G Tanor Bortolini
1%
Teagan Quitoriano
1%
Te'Cory Couch
1%
Tedarrell Slaton
1%
Thomas Incoom
1%
TK McLendon Jr.
1%
Tommy Togiai
1%
Trevor Denbow
1%
Troy Pride
1%
Tylan Grable
1%
Tyler Matakevich
1%
Ty Okada
1%
Tyrone Wheatley Jr.
1%
Victor Dimukeje
1%
Xazavian Valladay
1%
Yosh Nijman
1%
Zach Triner
1%
Zak Zinter
1%
Adedayo Odeleye
0%
Adetokunbo Ogundeji
0%
Alex Palczewski
0%
Amare Barno
0%
WR Andre Baccallia
0%
Andrew Rupcich
0%
Andrew Stueber
0%
OT Anim Dankwah
0%
Arlington Hambright
0%
Armani Taylor-Prioleau
0%
Atonio Mafi
0%
Austen Pleasants
0%
Austin Ajiake
0%
OT Austin Deculus
0%
Ayo Oyelola
0%
Basil Okoye
0%
Bernhard Seikovits
0%
Brandon Pili
0%
Brycen Tremayne
0%
Cameron McGrone
0%
Cam Lampkin
0%
Chandler Wooten
0%
WR Chase Cota
0%
Chauncey Golston
0%
CB Chigozie Anusiem
0%
Chris Lammoris
0%
Chris Myarick
0%
Chukwuebuka Godrick
0%
G Chuma Edoga
0%
C.J. Ravenell
0%
Cole Christiansen
0%
TE Cole Fotheringham
0%
Dallas Gant
0%
Dane Cruikshank
0%
Daniel Grzesiak
0%
Darian Dalcourt
0%
Darrell Luter Jr.
0%
DE David Agoha
0%
LB David Anenih
0%
DE David Bada
0%
David Perales
0%
Davis Olajiga
0%
DE Deslin Alexandre
0%
Devere Levelston
0%
Dicaprio Bootle
0%
Doug Nester
0%
Drake Nugent
0%
Drake Stoops
0%
Earl Bostick Jr.
0%
Eli Ankou
0%
Esezi Otomewo
0%
OT Ethan Driskell
0%
Fabian Lovett Sr.
0%
Gabe Jeudy-Lally
0%
Garret Wallow
0%
OT Gottieb Ayedze
0%
Graham Glasglow
0%
Griffin Hebert
0%
Haggai Ndubuisi
0%
Hayden Rucci
0%
Hunter Nourzad
0%
Isaiah Iton
0%
Isaiah Stalbird
0%
FB Jack Colletto
0%
G Jackson Carman
0%
Jackson Sirmon
0%
Jacob Kibodi
0%
G Jake Johanning
0%
Jalen Reager
0%
Jalen Sundell
0%
James Ester
0%
Jamree Kromah
0%
Jaxson Kirkland
0%
Jaylen Mahoney
0%
Jaylen McCollough
0%
Jaylon Carlies
0%
JD Bertrand
0%
G Jerome Carvin
0%
Jimmy Ciarlo
0%
C Jimmy Morrissey
0%
Joe Gaziano
0%
S Joey Blout
0%
John Jiles
0%
John Leglue
0%
Johnny Lumpkin
0%
John Ojukwu
0%
Jonathan Garvin
0%
Jon Rhattigan
0%
Jordan Kunaszyk
0%
Jordan Magee
0%
Joshua Onujiogu
0%
Josiah Bronson
0%
Josiah Ezirim
0%
Jovaughn Gwyn
0%
Jude McAtamney
0%
Justin Dedich
0%
DT Justin Eboigbe
0%
| CB Justin Hardee
0%
Justin Herron
0%
Kahlef Hailassie
0%
Kalen DeLoach
0%
Kameron Cline
0%
Karsen Barnhart
0%
Kehinde Oginni Hassan
0%
Kendal Vickers
0%
Kenneth Odumegwu
0%
Kevin Foelsch
0%
Kevon Seymour
0%
Kilian Zierer
0%
Kohl Levao
0%
KT Leveston
0%
Kurt Hinish
0%
G Kyle Hergel
0%
Lawrence Cager
0%
Liam Fornadel
0%
Logan Bruss
0%
Lorenz Metz
0%
Lucas Niang
0%
Luiji Vilain
0%
Luke Haggard
0%
Luke Tenuta
0%
Marcus Rosemy-Jacksaint
0%
Matt Goncalves
0%
DT Matt Henningsen
0%
Matt McCrane
0%
Matt Sokol
0%
Max Scharping
0%
Maxwell Tooley
0%
McKade Mettauer
0%
| DT McTelvin Agim
0%
Messiah Swinson
0%
CB Micah Abernathy
0%
Michael Jerrell
0%
Miller Forristall
0%
MJ Devonshire
0%
Mohamoud Diabate
0%
Nehemiah Pritchett
0%
Nesta Jade Silvera
0%
Nicholas Petit-Frere
0%
Nick Bellore
0%
G Nick Broeker
0%
G Nick Gargiulo
0%
Nick Saldiveri
0%
Nick Zakelj
0%
Nikola Kalinic
0%
Niko Lalos
0%
C Olu Oluwatimi
0%
Patrick McMorris
0%
Patrick Murtagh
0%
Phalen Sanford
0%
DT Phil Hoskins
0%
PJ Jules
0%
DT Popo Aumavae
0%
Praise Olatoke
0%
Qadir Ismail
0%
Quinton Bohanna
0%
Ralen Goforth
0%
Richard Gouraige
0%
Roy Mbaeteka
0%
Sam Okuayinonu
0%
Sam Pinckney
0%
Sam Wiglusz
0%
Sataoa Laumea
0%
Segun Olubi
0%
Shaun Jolly
0%
Sheldrick Redwine
0%
Shemar Bartholomew
0%
OT Silas Dzansi
0%
Spencer Burford
0%
Tanner Ingle
0%
Tanner McCalister
0%
Tanner Taula
0%
Tanoh Kpassagnon
0%
Tatum Bethune
0%
Thayer Munford Jr.
0%
Theo Benedet
0%
Thomas Odukoya
0%
Thomas Yassmin
0%
Tre'Monon Morris-Brash
0%
Tre Swilling
0%
Tyler Mabry
0%
Tyler Manoa
0%
T.Y. McGill
0%
Ty Nsekhe
0%
Tyrek Funderburk
0%
Uchenna Nwosu
0%
Warren McClendon Jr.
0%
Wes Schweizer
0%
Will Putnam
0%
Yvandy Rigby
0%
Zach VanValkenburg
0%
Zaire Mitchell-Paden
0%
Zion Logue
0%
No matching quizzes found
Score Distribution
Percent of People with Each Score
Percentile by Number Answered
Your Score History
You have not taken this quiz